Wireless LANs / (Record no. 190629)

000 -LEADER
fixed length control field 01051 a2200193 4500
003 - CONTROL NUMBER IDENTIFIER
control field Nust
005 - DATE AND TIME OF LATEST TRANSACTION
control field 20230727095917.0
020 ## - INTERNATIONAL STANDARD BOOK NUMBER
International Standard Book Number 8175151234
040 ## - CATALOGING SOURCE
Transcribing agency Nust
082 ## - DEWEY DECIMAL CLASSIFICATION NUMBER
Classification number 621.382,JAI
100 ## - MAIN ENTRY--PERSONAL NAME
Personal name S . Jaiswal
9 (RLIN) 113855
245 ## - TITLE STATEMENT
Title Wireless LANs /
Statement of responsibility, etc. S. Jaiswal
250 ## - EDITION STATEMENT
Edition statement 1st ed
260 ## - PUBLICATION, DISTRIBUTION, ETC.
Place of publication, distribution, etc. New Delhi,
Name of publisher, distributor, etc. Galgotia Publication,
Date of publication, distribution, etc. 1997.
300 ## - PHYSICAL DESCRIPTION
Extent xviii , 439p
505 ## - FORMATTED CONTENTS NOTE
Formatted contents note Data Communications (Page-2), Network and Network Mechanism (Page-26), Wireless LANs (Page-67) Wireless LAN Media Components AIR (Page-83), Wireless LAN Operations and Connections (Page-91), Wireless LAN Standards (Page-109), Wireless LAN Decisions (Page-115), Wireless LAN Network Management (Page-126), The Future Trend of Wireless LANs (Page-140), Network Security (Page-145), User Requirements: Specifying and Purchasing a LAN (Page-172), Practical Installation (Page-200), Transmission Control Protocol/Internet Protocol (Page-225), wide Area Networks (Page-312).
650 ## - SUBJECT ADDED ENTRY--TOPICAL TERM
Topical term or geographic name entry element Telecommunications engineering.
9 (RLIN) 58485
942 ## - ADDED ENTRY ELEMENTS (KOHA)
Source of classification or shelving scheme
Koha item type Book
Call number prefix 621.382,JAI
Holdings
Withdrawn status Lost status Source of classification or shelving scheme Damaged status Not for loan Permanent Location Current Location Shelving location Date acquired Full call number Barcode Date last seen Price effective from Koha item type Public note
          Military College of Signals (MCS) Military College of Signals (MCS) General Stacks 12/12/2016 621.382,JAI MCS28121 12/08/2016 12/12/2016 Book Almirha No 83, Shelf No 2
© 2023 Central Library, National University of Sciences and Technology. All Rights Reserved.